Справочник путешественника и краеведа: [в 2-х тт.]

Bibliografiske detaljer
Andre forfattere: Обручев С. В. Сергей Владимирович (редактор)
Sprog:russisk
Udgivet: Москва, Государственное издательство географической литературы, 1949-1950
Format: MixedMaterials Bog
KOHA link:https://koha.lib.tpu.ru/cgi-bin/koha/opac-detail.pl?biblionumber=287460

MARC

LEADER 00000nam1a2200000 4500
001 287460
005 20240826161824.0
010 |b 25000 экз. 
035 |a (RuTPU)RU\TPU\book\311862 
090 |a 287460 
100 |a 20150316d1949 m y0rusy50 ca 
101 0 |a rus 
102 |a RU 
200 1 |a Справочник путешественника и краеведа  |e [в 2-х тт.]  |f под ред. лауреата Сталинской премии С. В. Обручева 
210 |a Москва  |c Государственное издательство географической литературы  |d 1949-1950 
702 1 |a Обручев  |b С. В.  |c российский геолог и географ  |f 1891-1965  |g Сергей Владимирович  |7 ca  |8 rus  |2 stltpush  |3 (RuTPU)RU\TPU\pers\11489  |4 340  |9 2683 
801 1 |a RU  |b 63413507  |c 20150316 
942 |c BK